The Law Reports(1975): Chancery division and cases in lunacy and on appeal therefrom in the court of appeal. / (Record no. 3580)
[ view plain ]
| 000 -LEADER | |
|---|---|
| fixed length control field | 00531nam a22001457a 4500 |
| 008 - FIXED-LENGTH DATA ELEMENTS--GENERAL INFORMATION | |
| fixed length control field | 140820b xxu||||| |||| 00| 0 eng d |
| 020 ## - INTERNATIONAL STANDARD BOOK NUMBER | |
| International Standard Book Number | 040609585X |
| 050 ## - LIBRARY OF CONGRESS CALL NUMBER | |
| Classification number | KD276.3.L39(1975) |
| 245 ## - TITLE STATEMENT | |
| Title | The Law Reports(1975): Chancery division and cases in lunacy and on appeal therefrom in the court of appeal. / |
| Statement of responsibility, etc. | Edited by: R. H. Graveson. |
| 260 ## - PUBLICATION, DISTRIBUTION, ETC. | |
| Place of publication, distribution, etc. | London: |
| Name of publisher, distributor, etc. | Butterworth & Co. Ltd, |
| Date of publication, distribution, etc. | 1975. |
| 300 ## - PHYSICAL DESCRIPTION | |
| Extent | viii, 448p.: |
| Dimensions | 24cm. |
| 440 ## - SERIES STATEMENT/ADDED ENTRY--TITLE | |
| Name of part/section of a work | Chancery Division |
| 800 ## - SERIES ADDED ENTRY--PERSONAL NAME | |
| Personal name | Graveson, R. H. |
| -- | Ellis, C. J. |
| -- | Bray, A. H. |
| 942 ## - ADDED ENTRY ELEMENTS (KOHA) | |
| Source of classification or shelving scheme | Library of Congress Classification |
| Koha item type | Books |
| Withdrawn status | Lost status | Source of classification or shelving scheme | Damaged status | Not for loan | Home library | Current library | Shelving location | Date acquired | Total Checkouts | Full call number | Barcode | Date last seen | Copy number | Price effective from | Koha item type |
|---|---|---|---|---|---|---|---|---|---|---|---|---|---|---|---|
| Library of Congress Classification | WISCONSIN INTERNATIONAL UNIVERSITY COLLEGE, GHANA - MAIN LIBRARY | WISCONSIN INTERNATIONAL UNIVERSITY COLLEGE, GHANA - MAIN LIBRARY | Law Library | 20/08/2014 | KD276.3.L39(1975) | 1789/776/14 | 20/08/2014 | 1 | 20/08/2014 | Books |
